000 00626nam a2200229 4500
003 OSt
005 20240607063326.0
006 a
008 240607b |||||||| |||| 00| 0 eng d
020 _a9780470577622
040 _aDWCL-Main lib.
_cOC
082 _aCirc. 005.52 M351w 2010
100 _aMARMEL, ELAINE
245 _aMicrosoft Word 2010 simplified /
260 _aIndianopolis, Indiana :
_bWiley,
_cc2010.
300 _b241 p. : col. ill. ;
_c25 cm.
504 _aIncludes index.
650 _a1. Microsoft Word.
650 _a2. Word processing.
700 _aELAINE MARMEL
942 _2ddc
_n0
_cBK-CIRC
_kCirc.
999 _c362
_d362